Central-Library-PUMHS

Online Public Access Catalogue

Welcome to PUMHS Central Library Nawabshah, SBA

Chromatography (Record no. 37319)

000 -LEADER
fixed length control field 00199nam a22001097a 4500
100 ## - MAIN ENTRY--AUTHOR NAME
Personal name E. Heftmann
245 ## - TITLE STATEMENT
Title Chromatography
260 ## - PUBLICATION, DISTRIBUTION, ETC. (IMPRINT)
Year of publication 2025
300 ## - PHYSICAL DESCRIPTION
Number of Pages 686
650 ## - SUBJECT ADDED ENTRY--TOPICAL TERM
Topical Term Pharmacy
942 ## - ADDED ENTRY ELEMENTS (KOHA)
Koha item type Books
Holdings
Withdrawn status Lost status Permanent Location Current Location Shelving location Date acquired Source of acquisition Cost, normal purchase price Full call number Accession Number Koha item type
    Central Library Main Campus PUMHSW Nawabshah (SBA) Pharm-D Library Pharm-D Library 2025-12-04 M/S Citizen ,Bill No.11 Date:14/07/2025 1023.00 615.04 HEF 61238 Books
    Central Library Main Campus PUMHSW Nawabshah (SBA) Pharm-D Library Pharm-D Library 2025-12-04 M/S Citizen ,Bill No.11 Date:14/07/2025 1023.00 615.04 HEF 61239 Books
    Central Library Main Campus PUMHSW Nawabshah (SBA) Pharm-D Library Pharm-D Library 2025-12-04 M/S Citizen ,Bill No.11 Date:14/07/2025 1023.00 615.04 HEF 61240 Books
    Central Library Main Campus PUMHSW Nawabshah (SBA) Pharm-D Library Pharm-D Library 2025-12-04 M/S Citizen ,Bill No.11 Date:14/07/2025 1023.00 615.04 HEF 61241 Books

Copyright © 2018,The PUMHSW, Nawabshah, Shaheed Benazirabad. All rights reserved
Mr. Abdul Sattar Mahar (Chief Librarian) PUMHSW, Nawabshah, Sindh, Pakistan 67480.
Ph#: | 0244-9370425 Ext. 2241 Email| librarian@pumhs.edu.pk Web| http://www.pumhs.edu.pk
سنڌي ڪي بورڊ